Can You Guess the Top 50 College Towns in America - Statistics

General Stats
  • This quiz has been taken 89 times
  • The average score is 26 of 50
Answer Stats
Rank College College Town % Correct
1 Colorado Boulder
94%
2 Michigan Ann Arbor
91%
3 Wisconsin Madison
90%
11 Florida Gainesville
81%
6 California Berkeley
78%
30 Syracuse Syracuse
78%
7 North Carolina Chapel Hill
77%
21 Texas A&M College Station
77%
42 Oregon Eugene
70%
9 Iowa Iowa City
69%
19 Kentucky Lexington
68%
8 Penn State State College
68%
39 Georgia Athens
66%
27 Nebraska Lincoln
66%
5 Iowa State Ames
64%
16 Virginia Charlottesville
64%
31 Kansas Lawrence
64%
48 Alabama Tuscaloosa
62%
20 West Virginia Morgantown
61%
36 Indiana Bloomington
60%
38 Illinois Bloomington
60%
4 Cornell Ithaca
60%
25 Minnesota Minneapolis
60%
15 Virginia Tech Blacksburg
58%
24 Harvard Cambridge
57%
22 North Dakota State Fargo
57%
29 Missouri Columbia
56%
12 Carnegie Mellon Pittsburgh
55%
32 Kansas State Manhattan
53%
26 UMass Amherst
51%
10 Oregon State Corvallis
51%
49 Michigan State East Lansing
51%
23 Vermont Burlington
48%
40 Arkansas Fayetteville
48%
14 Colorado State Fort Collins
44%
45 Arizona State Tempe
44%
37 Mississippi Oxford
43%
17 UConn Hartford
38%
47 Northern Arizona Flagstaff
35%
33 Purdue Lafayette
34%
18 Florida State Talahassee
26%
46 Montana State Billings
25%
13 Illinois Urbana Champaign
23%
28 SUNY Binghamton
18%
34 Utah State Logan
17%
41 North Dakota Grand Forks
14%
44 Cal Poly San Luis Obispo
10%
50 Puget Sound Tacoma
10%
43 Pomona College Claremont
8%
35 Northern Iowa Waterloo-Cedar Falls
1%
No matching quizzes found
Score Distribution
Percent of People with Each Score
Percentile by Number Answered
Your Score History
You have not taken this quiz